000 00582nam a2200181 i 4500
001 70219
003 ES-MaACL
005 20251015063103.0
007 t|
008 040720s1963 sp ||||1| spa d
100 1 _aGarcía de Pruneda, Salvador,
_d1912-1996
_954489
245 1 3 _aLa encrucijada de Carabanchel
_b: novela /
_cSalvador García de Pruneda.
260 _aMadrid :
_bCid,
_c[1963]
300 _a350 p. ;
_c22 cm.
651 4 _aEspaña-
_xHistoria-
_y1936-1939, Guerra civil-
_vNovelas.
_98310
852 _aES-MaACL
_jC-24297
_bR.52834
999 _c70219
_d70219